000 00256nam a2200097Ia 4500
001 807709
005 20250826171236.0
008 250824s9999 xx 000 0 und d
245 0 _aTARİHİ DEĞİŞTİREN LİDERLER
_cALİ ÇİMEN
260 _bTİMAŞ YAYINLARI
999 _c807709
_d807709